| 000 -ლიდერი |
| ფიქსირებული სიგრძის საკონტროლო ველი |
00919nam a2200217Ia 4500 |
| 001 - საკონტროლო ნომერი |
| საკონტროლო ველი |
5872 |
| 003 - საკონტროლო ნომრის იდენტიფიკატორი |
| საკონტროლო ველი |
GE_BSU |
| 005 - ბოლო ოპერაციის თარიღი და დრო |
| საკონტროლო ველი |
20190912131441.0 |
| 008 - ფიქსირებული სიგრძის მონაცემთა ელემენტები - ზოგადი ინფორმაცია |
| ფიქსირებული სიგრძის საკონტროლო ველი |
181216s1955||||ge |||||||||||||| ||geo|| |
| 040 ## - კატალოგიზაციის წყარო |
| Transcribing agency |
GE_BSU |
| 041 ## - ენის კოდი |
| Language code of text/sound track or separate title |
geo |
| 080 ## - უნივერსალური ათობითი კლასიფიკაციის ინდექსი |
| Universal Decimal Classification number |
821.353.1-22 ა-70 |
| 100 ## - მთავარი ჩანაწერი - პიროვნების სახელი |
| Personal name |
ანტონოვი, ზ. |
| 9 (RLIN) |
3971 |
| 245 ## - ცნობა სათაურის შესახებ |
| Title |
მზის დაბნელება საქართველოში : |
| Remainder of title |
ნამდვილი კომედია / |
| Statement of responsibility, etc |
ზ. ანტონოვი ; რედ. ირ. არაბული. |
| 264 ## - წარმოების, გამოცემის, დისტრიბუციის და სხვა ცნობები |
| გამოცემის, წარმოების, დისტრიბუციის... ადგილი |
თბილისი : |
| გამოცემის, წარმოების, დისტრიბუციის... სახელწოდება |
სახელგამი ; |
| გამოცემის, წარმოების, დისტრიბუციის... თარიღი |
1955. |
| 300 ## - ფიზიკური აღწერა |
| Extent |
59 გვ. ; |
| Dimensions |
19 სმ. |
| 653 ## - INDEX TERM--UNCONTROLLED |
| Uncontrolled term |
მზის დაბნელება საქართველოში |
| 653 ## - INDEX TERM--UNCONTROLLED |
| Uncontrolled term |
კომედია 3 მოქმედებად |
| 700 ## - ADDED ENTRY--PERSONAL NAME |
| Personal name |
არაბული, ირ. |
| Relator term |
რედაქტორი |
| 9 (RLIN) |
3972 |
| 942 ## - ADDED ENTRY ELEMENTS (KOHA) |
| Koha item type |
წიგნი |
| Source of classification or shelving scheme |
|